Στρατηγικός Επιχειρηματικός Σχεδιασμός / Πώς να Πραγματοποιήσετε την Ανάπτυξη της Επιχείρησής σας: Με Υπόδειγμα Επιχειρησιακού Σχεδίου (Record no. 6340)
[ view plain ]
| 000 -LEADER | |
|---|---|
| fixed length control field | 02015cam a22002054a 4500 |
| 005 - ΗΜΕΡΟΜΗΝΙΑ ΚΑΙ ΩΡΑ ΤΕΛΕΥΤΑΙΑΣ ΕΝΗΜΕΡΩΣΗΣ | |
| Πεδίο ελέγχου | 20250605165218.0 |
| 008 - FIXED-LENGTH DATA ELEMENTS--GENERAL INFORMATION | |
| Πεδίο ελέγχου σταθερού μήκους | 250528s ||||||||||||||||||||||||d |
| 035 ## - SYSTEM CONTROL NUMBER | |
| System control number | 21275 |
| 020 ## - ISBN | |
| ISBN | 978960786025 |
| 040 ## - ΠΗΓΗ ΚΑΤΑΛΟΓΟΓΡΑΦΗΣΗΣ | |
| Φορέας πρωτότυπης καταλογογράφησης | MC Athens Campus Library |
| Γλώσσα καταλογογράφησης | Ελληνικά, Μοντέρνα (1453-) |
| Modifying agency | MC Athens Campus Library |
| Κανόνες περιγραφικής καταλογογράφησης | AACR2 |
| 245 1# - ΤΙΤΛΟΣ ΚΑΙ ΔΗΛΩΣΗ ΥΠΕΥΘΥΝΟΤΗΤΑΣ | |
| Τίτλος | Στρατηγικός Επιχειρηματικός Σχεδιασμός / Πώς να Πραγματοποιήσετε την Ανάπτυξη της Επιχείρησής σας: Με Υπόδειγμα Επιχειρησιακού Σχεδίου |
| 250 ## - EDITION STATEMENT | |
| Edition statement | 2η |
| 260 ## - PUBLICATION, DISTRIBUTION, ETC. | |
| Name of publisher, distributor, etc. | Προπομπός, |
| Date of publication, distribution, etc. | 2010 |
| 300 ## - PHYSICAL DESCRIPTION | |
| Extent | 216 |
| 520 ## - SUMMARY, ETC. | |
| Summary, etc. | Το συγκεκριμένο βιβλίο αποτελεί ένα εύχρηστο βοήθημα, στο οποίο αναλύονται ο τρόπος και η μεθοδολογία κατάρτισης ενός Επιχειρηματικού Σχεδίου. Πρόλογος, Βασικές Αρχές Οργανωτικής και Διοικητικής Δομής των Επιχειρήσεων, Η Δομή των Επιχειρήσεων, Αρχές της Οργανωτικής και Διοικητικής Δομής της Επιχείρησης, Ο Προγραμματισμός στις Επιχειρήσεις, Στρατηγικός Επιχειρηματικός Σχεδιασμός, Καθορισμός της Αποστολής της Επιχείρησης, Το Εξωτερικό και Εσωτερικό Περιβάλλον της Επιχείρησης, Αξιολόγηση της Υπάρχουσας Στρατηγικής, Κατάρτιση της Νέας Στρατηγικής, Ανάπτυξη των Σχεδίων Δράσης, Προβλέψεις Οικονομικών Αποτελεσμάτων, Εφαρμογή Στρατηγικού Επιχειρηματικού Σχεδίου, Ασκήσεις Αυτοαξιολόγησης. |
| 700 1# - ΠΡΟΣΘΕΤΗ ΑΝΑΓΡΑΦΗ--ΦΥΣΙΚΟ ΠΡΟΣΩΠΟ | |
| Personal name | Θεοδωρόπουλος Ανδρέας |
| 9 (RLIN) | 3878 |
| 942 ## - ADDED ENTRY ELEMENTS (KOHA) | |
| Koha item type | Books |
| Τύπος τεκμηρίου | Βιβλιοθήκη | Τρέχουσα τοποθεσία | Barcode | Αριθμός εισαγωγής | Ημερομηνία απόκτησης | Ταξιθετικό σύμβολο | Αριθμός αντιτύπου | Κατάσταση απόσυρσης | Κατάσταση χαμένου | Κατάσταση κατεστραμμένου | Μη δανεισμός | Σύνολο δανεισμών | Ημερομηνία τελευταίας εμφάνισης | Η τιμή ισχύει από |
|---|---|---|---|---|---|---|---|---|---|---|---|---|---|---|
| Books | MC Athens Campus Library | MC Athens Campus Library | 9780000063397 | 5351 | 05/06/2025 | 658.401 2 THE | 1 | 05/06/2025 | 05/06/2025 |